[Event "16th Unive op"]
[Site "Hoogeveen NED"]
[Date "2012.10.19"]
[Round "1.1"]
[White "Grant, Jonathan"]
[Black "l`Ami, Erwin"]
[Result "0-1"]
[WhiteElo "2217"]
[BlackElo "2631"]
[EventDate "2012.10.19"]
[PlyCount "104"]

1.c4 Nf6 2.Nc3 g6 3.g3 Bg7 4.Bg2 O-O 5.e4 c5 6.Nge2 Nc6 7.d3 d6 8.O-O a6 
9.a4 Ne8 10.Be3 Nd4 11.Rb1 a5 12.Nb5 Nxb5 13.axb5 a4 14.Ra1 Bxb2 15.Rxa4 
Bg4 16.f3 Bd7 17.Qb3 Bg7 18.Bd2 Nc7 19.Bc3 Bxc3 20.Nxc3 Ne6 21.Nd5 Rxa4 
22.Qxa4 Nd4 23.Qa7 e6 24.Nb6 Bc8 25.Rf2 g5 26.Ra2 Kg7 27.Nxc8 Qxc8 28.Qb6 
Qd7 29.Ra7 Rb8 30.Kf2 Qe7 31.Kg1 h5 32.Qa5 h4 33.Kf2 d5 34.e5 dxc4 35.dxc4
hxg3+ 36.hxg3 Nf5 37.g4 Nh4 38.Bf1 Ng6 39.Qc3 Qc7 40.Ra2 Rh8 41.Re2 Rh2+ 
42.Ke3 Rh1 43.Kf2 b6 44.Kg2 Rh6 45.Re4 Nf4+ 46.Kg3 Rh1 47.Kf2 Qd8 48.Re1 
Rh2+ 49.Ke3 Rc2 50.Qa1 Qd2+ 51.Ke4 Nd5 52.cxd5 exd5+ 0-1

[Event "16th Unive op"]
[Site "Hoogeveen NED"]
[Date "2012.10.19"]
[Round "1.2"]
[White "Grandelius, Nils"]
[Black "Clemens, Adrian HP"]
[Result "1-0"]
[WhiteElo "2593"]
[BlackElo "2213"]
[EventDate "2012.10.19"]
[PlyCount "79"]

1.Nf3 c5 2.c4 g6 3.g3 Bg7 4.Bg2 Nc6 5.Nc3 e6 6.d4 cxd4 7.Nb5 d5 8.cxd5 
exd5 9.O-O Nge7 10.Nbxd4 O-O 11.Be3 Nf5 12.Nxf5 Bxf5 13.Nd4 Bg4 14.Nxc6 
bxc6 15.h3 Bf5 16.Bd4 Bxd4 17.Qxd4 Qb6 18.Qd2 Rfe8 19.e3 Be4 20.Rac1 Bxg2 
21.Kxg2 Re4 22.Rfd1 Rae8 23.Rc2 R8e6 24.Qd3 h5 25.h4 Rb4 26.Rdd2 Rbe4 27.
Rc3 Rb4 28.b3 Rbe4 29.Rdc2 a5 30.Rc5 a4 31.Qc3 axb3 32.axb3 Rb4 33.Qa1 Rb5
34.Rxc6 Rxc6 35.Qa8+ Qb8 36.Qxc6 Rxb3 37.Qd7 Qe5 38.Rc8+ Kg7 39.Qd8 Qe4+ 
40.Kh2 1-0

[Event "16th Unive op"]
[Site "Hoogeveen NED"]
[Date "2012.10.19"]
[Round "1.3"]
[White "De Ruiter, Danny"]
[Black "Timman, Jan H"]
[Result "1-0"]
[WhiteElo "2182"]
[BlackElo "2578"]
[EventDate "2012.10.19"]
[PlyCount "69"]

1.d4 Nf6 2.c4 e6 3.g3 c5 4.d5 exd5 5.cxd5 d6 6.Nc3 g6 7.Bg2 Bg7 8.Nf3 O-O 
9.O-O Re8 10.Bf4 Ne4 11.Nxe4 Rxe4 12.Nd2 Rxf4 13.gxf4 Bxb2 14.Rb1 Bg7 15.
Nc4 b6 16.e4 Ba6 17.Qc2 Bh6 18.Nxd6 Qxd6 19.e5 Qd7 20.e6 Qd6 21.Rfe1 Bf8 
22.f5 Nd7 23.fxg6 fxe6 24.Rxe6 Qf4 25.gxh7+ Kh8 26.Rbe1 Bg7 27.R6e4 Qf6 
28.Re7 Nf8 29.Qa4 Bd3 30.Qc6 Rd8 31.Qc7 Qd6 32.Rxg7 Qxc7 33.Rxc7 Ng6 34.d6
Bf5 35.Bc6 1-0

[Event "16th Unive op"]
[Site "Hoogeveen NED"]
[Date "2012.10.19"]
[Round "1.4"]
[White "Van Kampen, Robin"]
[Black "Mellema, Andries"]
[Result "1-0"]
[WhiteElo "2570"]
[BlackElo "2181"]
[EventDate "2012.10.19"]
[PlyCount "49"]

1.e4 e6 2.d4 d5 3.Nc3 Nc6 4.e5 f6 5.Bb5 Bd7 6.Nf3 Qe7 7.O-O Qf7 8.Re1 Nge7
9.Bf4 O-O-O 10.Qe2 Re8 11.a3 Qh5 12.Rad1 h6 13.exf6 gxf6 14.Bxc6 Nxc6 15.
Nb5 e5 16.dxe5 Nxe5 17.Bxe5 fxe5 18.Nxa7+ Kb8 19.Rxd5 Bd6 20.Nb5 Bc6 21.
Nxd6 cxd6 22.Rxd6 Rhg8 23.Rxc6 bxc6 24.Qe3 Qg6 25.g3 1-0

[Event "16th Unive op"]
[Site "Hoogeveen NED"]
[Date "2012.10.19"]
[Round "1.5"]
[White "Go, Benjamin"]
[Black "Ernst, Sipke"]
[Result "0-1"]
[WhiteElo "2175"]
[BlackElo "2554"]
[EventDate "2012.10.19"]
[PlyCount "60"]

1.e4 e5 2.Nf3 Nc6 3.Nc3 Nf6 4.Nxe5 Nxe5 5.d4 Ng6 6.e5 Bb4 7.exf6 Qxf6 8.g3
Qc6 9.d5 Bxc3+ 10.bxc3 Qxc3+ 11.Bd2 Qe5+ 12.Be2 O-O 13.O-O d6 14.Bf3 Bf5 
15.Rb1 b6 16.Rb4 Rfe8 17.g4 Bd7 18.Re1 Qf6 19.Be4 Qh4 20.g5 a5 21.Rc4 Ne5 
22.Rd4 Ng4 23.Qf3 Qxh2+ 24.Kf1 Ne5 25.Qb3 a4 26.Qb4 Bh3+ 27.Ke2 Bg4+ 28.
Ke3 Qh3+ 29.Kf4 Ng6+ 30.Bxg6 Qf3# 0-1

[Event "16th Unive op"]
[Site "Hoogeveen NED"]
[Date "2012.10.19"]
[Round "1.6"]
[White "Nijboer, Friso"]
[Black "Kollen, Zyon"]
[Result "0-1"]
[WhiteElo "2525"]
[BlackElo "2174"]
[EventDate "2012.10.19"]
[PlyCount "78"]

1.e4 e6 2.d4 d5 3.Nc3 Bb4 4.e5 c5 5.a3 Bxc3+ 6.bxc3 Ne7 7.a4 Qc7 8.Nf3 b6 
9.Bb5+ Bd7 10.Bd3 Nbc6 11.O-O cxd4 12.cxd4 Nb4 13.Ba3 Nxd3 14.cxd3 Qd8 15.
Qd2 O-O 16.Qg5 Re8 17.Bc1 Rc8 18.Qh5 Ng6 19.Ng5 h6 20.Nf3 Rxc1 21.Rfxc1 
Nf4 22.Qg4 Ne2+ 23.Kf1 Nxc1 24.Rxc1 Bxa4 25.Qf4 Qd7 26.g4 Rc8 27.g5 Rxc1+ 
28.Qxc1 Qc6 29.Qa3 Bd1 30.Ne1 hxg5 31.Qxa7 Qc1 32.Qa2 b5 33.Qa5 Kh7 34.Qb4
Qf4 35.Kg2 Qg4+ 36.Kh1 Bf3+ 37.Nxf3 Qxf3+ 38.Kg1 Qxd3 39.Qe7 Kg6 0-1

[Event "16th Unive op"]
[Site "Hoogeveen NED"]
[Date "2012.10.19"]
[Round "1.7"]
[White "Veinberg, Nimrod"]
[Black "Brynell, Stellan"]
[Result "0-1"]
[WhiteElo "2170"]
[BlackElo "2500"]
[EventDate "2012.10.19"]
[PlyCount "118"]

1.d4 e6 2.c4 Nf6 3.g3 d5 4.Bg2 dxc4 5.Nf3 Bb4+ 6.Nbd2 O-O 7.O-O b5 8.a4 c6
9.Qc2 Bb7 10.b3 cxb3 11.Nxb3 Nbd7 12.Rd1 Qe7 13.Bd2 Bxd2 14.Nfxd2 Nd5 15.
e4 N5f6 16.axb5 Rfc8 17.bxc6 Rxc6 18.Qd3 Rb6 19.Ra4 Bc6 20.Ra5 a6 21.Rda1 
Qd8 22.Qe3 Bb5 23.Bf1 Rc8 24.Bxb5 axb5 25.Nc5 Nxc5 26.dxc5 Rb7 27.Nb3 h6 
28.Kg2 Qc7 29.Rd1 Qc6 30.f3 Rd7 31.Rxd7 Nxd7 32.Ra2 Ne5 33.Qd4 Qc7 34.Ra6 
Rd8 35.Rd6 Rxd6 36.cxd6 Qc2+ 37.Nd2 Nd7 38.e5 f6 39.exf6 gxf6 40.Kh3 Qf5+ 
41.Kg2 Qd5 42.Qb4 f5 43.Nb3 e5 44.Kf2 Kf7 45.Nc1 Qc5+ 46.Qxc5 Nxc5 47.f4 
exf4 48.gxf4 b4 49.Ke3 b3 50.Nd3 Nxd3 51.Kxd3 Ke6 52.Kc3 Kxd6 53.Kxb3 Kd5 
54.Kc3 Ke4 55.Kd2 Kf3 56.Kd3 h5 57.Kd2 Kg2 58.Ke3 Kxh2 59.Kf3 Kh3 0-1

[Event "16th Unive op"]
[Site "Hoogeveen NED"]
[Date "2012.10.19"]
[Round "1.8"]
[White "Kasparov, Sergey"]
[Black "Van der Lende, Ilias"]
[Result "1-0"]
[WhiteElo "2476"]
[BlackElo "2169"]
[EventDate "2012.10.19"]
[PlyCount "81"]

1.e4 e6 2.d4 d5 3.Nd2 c5 4.exd5 exd5 5.Bb5+ Bd7 6.Bxd7+ Nxd7 7.Ngf3 Ngf6 
8.O-O Be7 9.dxc5 Nxc5 10.Nd4 Qd7 11.Qf3 O-O 12.Nf5 Bd8 13.Nb3 Nce4 14.Be3 
g6 15.Nh6+ Kg7 16.h3 Bb6 17.Bxb6 axb6 18.Ng4 Nxg4 19.hxg4 Ra4 20.Rad1 h6 
21.Qe3 Nf6 22.f3 Qc7 23.Nd4 Rxa2 24.Qb3 Rfa8 25.Rfe1 R8a6 26.c3 Qc4 27.Qc2
Qc5 28.Qf2 Qd6 29.Kh1 Qf4 30.Qe2 h5 31.Qe7 b5 32.g5 Ng8 33.Qe5+ Qxe5 34.
Rxe5 Rxb2 35.Rxd5 Raa2 36.Rg1 b4 37.cxb4 Ne7 38.Rd7 Rxb4 39.Re1 Nc6 40.
Ne6+ Kg8 41.Nd8 1-0

[Event "16th Unive op"]
[Site "Hoogeveen NED"]
[Date "2012.10.19"]
[Round "1.9"]
[White "Van der Raaf, Erik"]
[Black "Hendriks, Willy"]
[Result "0-1"]
[WhiteElo "2163"]
[BlackElo "2437"]
[EventDate "2012.10.19"]
[PlyCount "90"]

1.e4 d6 2.d4 Nf6 3.Nc3 g6 4.f3 Bg7 5.Be3 c6 6.Qd2 b5 7.Bd3 Nbd7 8.d5 cxd5 
9.Nxd5 Nxd5 10.exd5 a6 11.a4 bxa4 12.Rxa4 Nc5 13.Bb5+ Bd7 14.Bxd7+ Qxd7 
15.Ra2 O-O 16.Ne2 Qb7 17.O-O Rfc8 18.Rd1 a5 19.Bh6 Bxh6 20.Qxh6 Nd7 21.Nc3
Rc4 22.h4 Nf6 23.g4 Rac8 24.Kg2 a4 25.h5 a3 26.hxg6 fxg6 27.g5 Nh5 28.Rh1 
Rxc3 29.bxc3 Qxd5 30.Rxh5 gxh5 31.g6 hxg6 32.Qxg6+ Kf8 33.Rxa3 Qg8 34.
Qxg8+ Kxg8 35.Ra5 Rc5 36.Ra3 Kf7 37.Kf2 Kf6 38.Ke3 Kf5 39.Kd4 Kf4 40.c4 h4
41.Ra8 Kxf3 42.Re8 Re5 43.c5 Re4+ 44.Kd5 dxc5 45.Rf8+ Rf4 0-1

[Event "16th Unive op"]
[Site "Hoogeveen NED"]
[Date "2012.10.19"]
[Round "1.10"]
[White "Riemersma, Liafbern"]
[Black "Vogel, Jaap"]
[Result "1-0"]
[WhiteElo "2420"]
[BlackElo "2158"]
[EventDate "2012.10.19"]
[PlyCount "105"]

1.d4 e6 2.c4 f5 3.g3 Nf6 4.Bg2 c6 5.Nf3 d5 6.O-O Bd6 7.Qc2 O-O 8.Nc3 Qe7 
9.Rb1 a5 10.a3 Nbd7 11.cxd5 exd5 12.Nh4 Ne4 13.f3 Bxg3 14.fxe4 Bxh2+ 15.
Kxh2 Qxh4+ 16.Kg1 fxe4 17.Be3 Nf6 18.Bf2 Qh5 19.Qd2 Bh3 20.Bxh3 Qxh3 21.
Qe3 Qh5 22.Qg3 Ng4 23.Be3 b5 24.Rxf8+ Rxf8 25.Rf1 Rxf1+ 26.Kxf1 Nxe3+ 27.
Qxe3 Qh1+ 28.Qg1 Qh3+ 29.Ke1 e3 30.Kd1 b4 31.axb4 axb4 32.Na2 b3 33.Nc1 h5
34.Nxb3 h4 35.Ke1 Qe6 36.Nc5 Qh6 37.Nd3 h3 38.Qh2 Qh4+ 39.Kf1 Qg4 40.Ne1 
Qf5+ 41.Kg1 Qg4+ 42.Kh1 Qxd4 43.Qxh3 Qd1 44.Qe6+ Kh8 45.Qc8+ Kh7 46.Qh3+ 
Kg8 47.Qe6+ Kh8 48.Qc8+ Kh7 49.Qf5+ Kh8 50.Qf1 Qb1 51.Kg2 Qxb2 52.Qf8+ Kh7
53.Qf5+ 1-0

[Event "16th Unive op"]
[Site "Hoogeveen NED"]
[Date "2012.10.19"]
[Round "1.11"]
[White "Lee, Kai Jie Edward"]
[Black "Guramishvili, Sopiko"]
[Result "1/2-1/2"]
[WhiteElo "2143"]
[BlackElo "2418"]
[EventDate "2012.10.19"]
[PlyCount "92"]

1.e4 c5 2.Nf3 d6 3.d4 Nf6 4.Nc3 cxd4 5.Nxd4 a6 6.Bc4 e6 7.Bb3 b5 8.O-O Qc7
9.Qf3 Be7 10.Qg3 O-O 11.Bh6 Ne8 12.Rad1 b4 13.Nce2 Kh8 14.Bg5 Bxg5 15.Qxg5
Bb7 16.Nf4 Nf6 17.f3 Nc6 18.Ndxe6 fxe6 19.Nxe6 Qe7 20.Nxf8 Rxf8 21.Qd2 Rd8
22.Bd5 a5 23.Rfe1 Qe5 24.c3 bxc3 25.bxc3 Qe7 26.Bxc6 Bxc6 27.e5 Nd5 28.c4 
Nb6 29.exd6 Qa7 30.Qd4 Nc8 31.Qxa7 Nxa7 32.Re5 a4 33.Re7 Bd7 34.Rde1 Kg8 
35.c5 Nc6 36.R7e4 Ra8 37.g4 Ra5 38.Rc4 Kf7 39.a3 g5 40.f4 Be6 41.Rc3 gxf4 
42.Re4 Kf6 43.h4 Bxg4 44.Rxf4+ Bf5 45.Kf2 h5 46.Ke3 Ke5 1/2-1/2

[Event "16th Unive op"]
[Site "Hoogeveen NED"]
[Date "2012.10.19"]
[Round "1.12"]
[White "Valdes Romero, Leonardo"]
[Black "Van 't Hof, Eric"]
[Result "1-0"]
[WhiteElo "2414"]
[BlackElo "2137"]
[EventDate "2012.10.19"]
[PlyCount "85"]

1.Nf3 Nf6 2.g3 b6 3.Bg2 Bb7 4.O-O g6 5.c4 Bg7 6.d4 O-O 7.d5 Na6 8.Nc3 Nc5 
9.Rb1 a5 10.Qc2 e6 11.dxe6 fxe6 12.Ng5 Bxg2 13.Kxg2 Qe7 14.b3 d6 15.h3 
Rae8 16.Ba3 Ncd7 17.Rbd1 Ng4 18.Nf3 Nge5 19.Nd4 Nf6 20.Ne4 c5 21.Nb5 d5 
22.Nxf6+ Qxf6 23.cxd5 exd5 24.Nc7 d4 25.Nxe8 Qc6+ 26.f3 Rxe8 27.Bc1 Qa8 
28.Bf4 Nc6 29.Qc4+ Kh8 30.Rfe1 Nb4 31.e3 Nxa2 32.exd4 cxd4 33.Rxe8+ Qxe8 
34.Rd2 Nb4 35.Re2 Qd7 36.Qe6 Qxe6 37.Rxe6 Kg8 38.Rxb6 Nd3 39.Bd2 Nc5 40.
Rb5 Bf8 41.Bxa5 d3 42.Kf1 Ne6 43.Rd5 1-0

[Event "16th Unive op"]
[Site "Hoogeveen NED"]
[Date "2012.10.19"]
[Round "1.14"]
[White "Vedder, Henk"]
[Black "Sadallah, Osama"]
[Result "1-0"]
[WhiteElo "2378"]
[BlackElo "2126"]
[EventDate "2012.10.19"]
[PlyCount "77"]

1.e4 c5 2.Nf3 g6 3.h4 h5 4.Bc4 Nc6 5.Nc3 d6 6.b3 Bg7 7.Bb2 Bg4 8.Qc1 Bxf3 
9.gxf3 e6 10.Ne2 e5 11.Nc3 Nd4 12.Qd1 Ne7 13.Nd5 Nxd5 14.Bxd5 Qe7 15.Bxd4 
exd4 16.f4 O-O-O 17.Qf3 f5 18.O-O-O Rd7 19.exf5 Kb8 20.fxg6 Qd8 21.Kb1 Qa5
22.f5 Rf8 23.Bf7 Bf6 24.Qd5 b5 25.Rhg1 d3 26.c3 b4 27.Qxd3 bxc3 28.dxc3 c4
29.Bxc4 d5 30.b4 Qa3 31.Bb3 Rc8 32.Rc1 d4 33.cxd4 Rxc1+ 34.Rxc1 Qxb4 35.
Qg3+ Rd6 36.g7 Qxd4 37.g8=Q+ Kb7 38.Qc8+ Kb6 39.Qe3 1-0

[Event "16th Unive op"]
[Site "Hoogeveen NED"]
[Date "2012.10.19"]
[Round "1.15"]
[White "Stavast, Dick"]
[Black "Willemze, Thomas"]
[Result "0-1"]
[WhiteElo "2125"]
[BlackElo "2377"]
[EventDate "2012.10.19"]
[PlyCount "64"]

1.d4 d5 2.c4 e6 3.Nc3 c5 4.cxd5 exd5 5.Nf3 Nc6 6.g3 Nf6 7.Bg2 Be7 8.O-O 
O-O 9.Bg5 c4 10.Ne5 Be6 11.e3 h6 12.Bxf6 Bxf6 13.f4 Ne7 14.Qe2 g6 15.Rad1 
Rb8 16.e4 Bxe5 17.fxe5 b5 18.Rf6 b4 19.Nxd5 c3 20.bxc3 Bxd5 21.exd5 bxc3 
22.d6 Nf5 23.Be4 Re8 24.Bxf5 Qxf6 25.d7 Qxf5 26.dxe8=Q+ Rxe8 27.Rc1 Rc8 
28.Qe3 h5 29.Kg2 c2 30.Qf3 Qe6 31.Qb3 Rc4 32.Qd3 Qd5+ 0-1

[Event "16th Unive op"]
[Site "Hoogeveen NED"]
[Date "2012.10.19"]
[Round "1.16"]
[White "l`Ami, Alina"]
[Black "Potze, Rudolf"]
[Result "1-0"]
[WhiteElo "2376"]
[BlackElo "2124"]
[EventDate "2012.10.19"]
[PlyCount "105"]

1.d4 Nf6 2.c4 g6 3.Nc3 d5 4.Bg5 Ne4 5.Bf4 Nxc3 6.bxc3 Bg7 7.Qa4+ c6 8.cxd5
O-O 9.d6 exd6 10.e3 Re8 11.Be2 Qe7 12.Nf3 Nd7 13.Qa3 Bf8 14.Nd2 Nb6 15.O-O
Nd5 16.Bg3 Nxe3 17.fxe3 Qxe3+ 18.Rf2 Qxd2 19.Bf4 Qxe2 20.Rxe2 Rxe2 21.Qb3 
b5 22.d5 a6 23.dxc6 Be6 24.Qd1 Re4 25.Bxd6 Rd8 26.Qf3 Bd5 27.Bxf8 Rxf8 28.
Qf2 Bxc6 29.Qb6 Re6 30.Qxa6 Rd8 31.c4 Rd2 32.cxb5 Rxg2+ 33.Kf1 Rf6+ 34.Ke1
Re6+ 35.Kf1 Rf6+ 36.Ke1 Re6+ 37.Kf1 Be4 38.Qc8+ Kg7 39.Qc3+ Rf6+ 40.Ke1 
Rxh2 41.a4 g5 42.Qe5 Rh1+ 43.Kd2 Rxa1 44.Qxa1 Kg6 45.a5 g4 46.a6 Rd6+ 47.
Ke3 f5 48.Qh8 Rd3+ 49.Kf4 Rf3+ 50.Ke5 g3 51.b6 Re3 52.Qg8+ Kh5 53.Kf6 1-0

[Event "16th Unive op"]
[Site "Hoogeveen NED"]
[Date "2012.10.19"]
[Round "1.17"]
[White "Hendriks, Richard V"]
[Black "De Jong, Migchiel"]
[Result "0-1"]
[WhiteElo "2123"]
[BlackElo "2369"]
[EventDate "2012.10.19"]
[PlyCount "150"]

1.e4 c5 2.Nf3 e6 3.d4 cxd4 4.Nxd4 a6 5.Be2 Nf6 6.Nc3 Qc7 7.O-O Bb4 8.Qd3 
d6 9.Ncb5 Qd8 10.a3 Bc5 11.Nc3 Nbd7 12.Nb3 O-O 13.Nxc5 Nxc5 14.Qf3 Bd7 15.
Bg5 Bc6 16.Bd3 h6 17.Bh4 Ncd7 18.Qe2 Re8 19.Kh1 Qb6 20.Rab1 e5 21.Bc4 g5 
22.Bg3 Nc5 23.Qf3 Kg7 24.Bd5 Ne6 25.Ne2 Nf4 26.Bxf4 exf4 27.Nc3 Qd4 28.
Rbe1 Re7 29.Bxc6 bxc6 30.g3 Rb8 31.gxf4 g4 32.Qd3 Qxd3 33.cxd3 Rxb2 34.e5 
dxe5 35.fxe5 Nd7 36.d4 Rb3 37.Nb1 c5 38.Re3 Rb2 39.dxc5 Rxe5 40.Rxe5 Nxe5 
41.Kg2 Rc2 42.Rd1 Rxc5 43.Rd6 Nf3 44.Rd1 Rh5 45.Rh1 Rh3 46.Rd1 h5 47.Rd6 
Rxh2+ 48.Kg3 Rh1 49.Nc3 Nh4 50.Kf4 Rh3 51.Ne4 Rxa3 52.Kg5 Ng6 53.Kxh5 Ra5+
54.Ng5 Ne5 55.Kh4 Nf3+ 56.Nxf3 gxf3 57.Rd3 Rf5 58.Kg4 Kg6 59.Rd6+ Rf6 60.
Rd5 Kg7 61.Kg3 Kf8 62.Re5 Re6 63.Ra5 Ke7 64.Kxf3 Kd7 65.Rf5 f6 66.Kf4 Kc6 
67.Ra5 Kb6 68.Ra1 Re5 69.Rh1 a5 70.Rh6 Re6 71.Kf5 Rc6 72.f4 a4 73.Rh1 Ka5 
74.Rb1 a3 75.Ke4 Ka4 0-1

[Event "16th Unive op"]
[Site "Hoogeveen NED"]
[Date "2012.10.19"]
[Round "1.19"]
[White "Klomp, Robert"]
[Black "Wiersma, Eelke"]
[Result "0-1"]
[WhiteElo "2119"]
[BlackElo "2367"]
[EventDate "2012.10.19"]
[PlyCount "82"]

1.c4 Nf6 2.Nc3 g6 3.g3 Bg7 4.Bg2 O-O 5.e4 d6 6.Nge2 Nc6 7.d4 e5 8.d5 Nd4 
9.O-O c5 10.dxc6 bxc6 11.Nxd4 exd4 12.Qxd4 Ba6 13.Rd1 Qa5 14.Qd3 Ng4 15.
Bf4 Rfd8 16.Rac1 Ne5 17.Qc2 Bxc4 18.b3 Be6 19.Ne2 Rac8 20.Nd4 Bg4 21.f3 
Bd7 22.Be3 c5 23.Ne2 c4 24.Nf4 cxb3 25.Qxb3 Ba4 26.Rxc8 Bxb3 27.Rxd8+ Qxd8
28.axb3 Qb8 29.Nd5 Qxb3 30.Rc1 h6 31.Bxa7 Nxf3+ 32.Bxf3 Qxf3 33.Re1 Be5 
34.Bf2 Kg7 35.Re3 Qd1+ 36.Kg2 Qc2 37.Nf4 Qc6 38.Nd5 Qa6 39.Nf4 f5 40.Ne2 
fxe4 41.Kf1 Qa4 0-1

[Event "16th Unive op"]
[Site "Hoogeveen NED"]
[Date "2012.10.19"]
[Round "1.20"]
[White "Schoorl, Rob"]
[Black "Hoffman, Ron"]
[Result "1-0"]
[WhiteElo "2363"]
[BlackElo "2107"]
[EventDate "2012.10.19"]
[PlyCount "81"]

1.e4 c5 2.Nf3 Nc6 3.d4 cxd4 4.Nxd4 e5 5.Nb5 d6 6.c4 Be7 7.N1c3 a6 8.Na3 
Be6 9.Be2 Bg5 10.O-O Bxc1 11.Rxc1 Nf6 12.Nc2 O-O 13.Qd3 Rc8 14.Nd5 Nd7 15.
b4 f5 16.Nde3 fxe4 17.Qxd6 Qe7 18.Qxe7 Nxe7 19.a3 Nb6 20.c5 Na4 21.Bc4 Kf7
22.f4 Nc6 23.f5 Bxc4 24.Nxc4 Rcd8 25.Nd6+ Ke7 26.Ne3 Rd7 27.Nxe4 Rd3 28.
Nc4 Nd4 29.Rce1 Rxf5 30.Ned6 Rxf1+ 31.Kxf1 Nc6 32.Nxb7 Kf6 33.Nbd6 Rb3 34.
Ne8+ Kf7 35.Nxe5+ Nxe5 36.Rxe5 Rxa3 37.Nc7 Nc3 38.c6 Ra4 39.Ne8 Rxb4 40.c7
Rb1+ 41.Re1 1-0

[Event "16th Unive op"]
[Site "Hoogeveen NED"]
[Date "2012.10.19"]
[Round "1.22"]
[White "Bezemer, Arno J"]
[Black "Lesman, Francis"]
[Result "1-0"]
[WhiteElo "2329"]
[BlackElo "2100"]
[EventDate "2012.10.19"]
[PlyCount "51"]

1.e4 c6 2.d4 d5 3.exd5 cxd5 4.c4 Nf6 5.Nc3 Nc6 6.Bf4 e6 7.c5 Be7 8.Nf3 O-O
9.Bb5 Ne4 10.Bxc6 bxc6 11.Qa4 f6 12.Qxc6 Nxc3 13.bxc3 Qa5 14.O-O Qa6 15.
Qxa6 Bxa6 16.Rfe1 Kf7 17.Rab1 Rfc8 18.Rb4 Bd8 19.Reb1 Rc6 20.Rb8 Rxb8 21.
Bxb8 Ba5 22.Rb3 Bc4 23.Ra3 Ra6 24.Nd2 Ke8 25.Nxc4 dxc4 26.Bc7 1-0

[Event "16th Unive op"]
[Site "Hoogeveen NED"]
[Date "2012.10.19"]
[Round "1.23"]
[White "Van Osch, Mees"]
[Black "Afek, Yochanan"]
[Result "1-0"]
[WhiteElo "2083"]
[BlackElo "2312"]
[EventDate "2012.10.19"]
[PlyCount "57"]

1.e4 c5 2.Nf3 Nc6 3.d4 cxd4 4.Nxd4 g6 5.c4 Bg7 6.Nc2 d6 7.Be2 Nf6 8.Nc3 
Nd7 9.Bd2 a5 10.O-O Nc5 11.f4 O-O 12.Bf3 a4 13.Rb1 Na5 14.Ne3 Ne6 15.g3 
Bd7 16.Ncd5 Nd4 17.Bc3 Nxf3+ 18.Qxf3 e6 19.Bxg7 Kxg7 20.Nc3 Qb6 21.Kh1 f5 
22.Qf2 Qc5 23.b4 axb3 24.axb3 Qc6 25.Rfd1 fxe4 26.Qd2 Ra6 27.Qd4+ Kg8 28.
b4 Nxc4 29.b5 1-0

[Event "16th Unive op"]
[Site "Hoogeveen NED"]
[Date "2012.10.19"]
[Round "1.24"]
[White "Van der Poel, Henk"]
[Black "Baskin, Robert"]
[Result "1/2-1/2"]
[WhiteElo "2306"]
[BlackElo "2071"]
[EventDate "2012.10.19"]
[PlyCount "58"]

1.e4 c5 2.Nf3 d6 3.d4 cxd4 4.Nxd4 Nf6 5.Nc3 a6 6.Bc4 e6 7.a3 b5 8.Ba2 Be7 
9.O-O O-O 10.Kh1 Bb7 11.f3 Nbd7 12.Be3 Rc8 13.Qd2 Ne5 14.Rad1 Nc4 15.Bxc4 
Rxc4 16.Nb3 Qc7 17.Qf2 Nd7 18.Qg3 Rd8 19.Bg5 Bxg5 20.Qxg5 Nf6 21.Rd3 Rd7 
22.Rfd1 h6 23.Qe3 Ba8 24.Nd4 b4 25.axb4 Rxb4 26.b3 Rb8 27.Ra1 Bb7 28.Nde2 
Rbd8 29.Rad1 e5 1/2-1/2

[Event "16th Unive op"]
[Site "Hoogeveen NED"]
[Date "2012.10.19"]
[Round "1.26"]
[White "Johansson, Linus"]
[Black "Henseler, Jorgen"]
[Result "1-0"]
[WhiteElo "2287"]
[BlackElo "2062"]
[EventDate "2012.10.19"]
[PlyCount "99"]

1.d4 Nf6 2.c4 g6 3.g3 Bg7 4.Bg2 d5 5.cxd5 Nxd5 6.Nf3 O-O 7.O-O Nc6 8.Nc3 
Nxc3 9.bxc3 e5 10.e3 exd4 11.cxd4 Be6 12.Ba3 Re8 13.Qc2 Bd5 14.Rfc1 Qd7 
15.Ne1 Bxg2 16.Nxg2 Bh6 17.Rab1 Rab8 18.Ne1 Qd5 19.Qc4 Qxc4 20.Rxc4 Rbc8 
21.Rbc1 Red8 22.Nd3 Bf8 23.Bxf8 Kxf8 24.Kg2 Ke7 25.Kf3 Rd6 26.h4 h5 27.a3 
Kd8 28.Ke2 f6 29.Nc5 Na5 30.Ra4 b6 31.Rxa5 bxa5 32.Nb7+ Kd7 33.Nxd6 Kxd6 
34.Rc5 Rb8 35.Rxa5 Rb7 36.Kf3 c6 37.Kf4 Kc7 38.f3 Kb6 39.Rc5 Rd7 40.g4 
hxg4 41.fxg4 Rh7 42.h5 gxh5 43.gxh5 Kc7 44.Kg4 Kd6 45.e4 Rh6 46.Rc3 Rh7 
47.Rh3 c5 48.dxc5+ Ke5 49.Kf3 f5 50.exf5 1-0

[Event "16th Unive op"]
[Site "Hoogeveen NED"]
[Date "2012.10.19"]
[Round "1.27"]
[White "Ritsema, Ronald JE"]
[Black "Ben Artzi, Ido"]
[Result "1/2-1/2"]
[WhiteElo "2058"]
[BlackElo "2286"]
[EventDate "2012.10.19"]
[PlyCount "73"]

1.d4 Nf6 2.c4 g6 3.Nf3 Bg7 4.g3 d5 5.cxd5 Nxd5 6.e4 Nb6 7.Bg2 O-O 8.O-O 
Na6 9.Nc3 h6 10.h3 c5 11.dxc5 Nxc5 12.Qe2 Qd3 13.Qe3 Qxe3 14.Bxe3 Nca4 15.
e5 Nxc3 16.bxc3 Nc4 17.Bd4 Be6 18.Bc5 Bd5 19.Rfd1 Bc6 20.Bxe7 Rfe8 21.Bf6 
Nxe5 22.Nxe5 Bxg2 23.Bxg7 Kxg7 24.Kxg2 Rxe5 25.Rd7 b6 26.Rad1 Kf8 27.Rb7 
Re7 28.Rdd7 Rxd7 29.Rxd7 a5 30.Rb7 Rc8 31.Rxb6 Rxc3 32.Rb3 Rc4 33.Ra3 a4 
34.Kf3 Ke7 35.Rd3 Rc2 36.Ra3 Rc4 37.Rd3 1/2-1/2

[Event "16th Unive op"]
[Site "Hoogeveen NED"]
[Date "2012.10.19"]
[Round "1.28"]
[White "Lorscheid, Gerhard"]
[Black "Haver, Bas"]
[Result "1-0"]
[WhiteElo "2267"]
[BlackElo "2044"]
[EventDate "2012.10.19"]
[PlyCount "69"]

1.d4 d5 2.c4 e6 3.Nc3 c5 4.cxd5 exd5 5.Nf3 Nc6 6.g3 Nf6 7.Bg2 Be7 8.O-O 
O-O 9.b3 Bg4 10.Bb2 Re8 11.dxc5 Bxc5 12.Rc1 Qd7 13.Nxd5 Qxd5 14.Qxd5 Bxf2+
15.Rxf2 Nxd5 16.Ne5 Ne3 17.Bxc6 bxc6 18.Nxf7 Re6 19.Ng5 Rg6 20.Nf3 Rd8 21.
Bd4 Nf5 22.Bxa7 Re6 23.Bc5 Rde8 24.Rc2 Nd6 25.Nd4 Ne4 26.Nxe6 Nxf2 27.Bxf2
Rxe6 28.Bd4 Kf7 29.e3 g6 30.a4 Bf5 31.Rc3 Be4 32.a5 Re8 33.a6 Ke6 34.Bc5 
Kd5 35.b4 1-0

[Event "16th Unive op"]
[Site "Hoogeveen NED"]
[Date "2012.10.19"]
[Round "1.30"]
[White "Lindgren, Philip"]
[Black "Klapwijk, Bram"]
[Result "1-0"]
[WhiteElo "2265"]
[BlackElo "2039"]
[EventDate "2012.10.19"]
[PlyCount "61"]

1.d4 Nf6 2.c4 g6 3.Nc3 d5 4.cxd5 Nxd5 5.Bd2 Bg7 6.e4 Nxc3 7.Bxc3 O-O 8.Nf3
Bg4 9.Be2 Bxf3 10.Bxf3 e5 11.d5 Nd7 12.Qd2 Nb6 13.Bb4 Nc4 14.Qc3 Nd6 15.
Rc1 Rc8 16.Qe3 a6 17.O-O f5 18.Rc2 Rf7 19.Rfc1 Bf6 20.Qd3 Qd7 21.Bxd6 Qxd6
22.exf5 Bg5 23.fxg6 hxg6 24.Rd1 Rcf8 25.Qb3 Bh4 26.Re1 Rf4 27.Re4 Rxe4 28.
Bxe4 Bxf2+ 29.Rxf2 Qc5 30.Qc2 Qd4 31.Bf3 1-0

[Event "16th Unive op"]
[Site "Hoogeveen NED"]
[Date "2012.10.19"]
[Round "1.32"]
[White "Timmermans, Ivo"]
[Black "Haver, Daan"]
[Result "1-0"]
[WhiteElo "2254"]
[BlackElo "1985"]
[EventDate "2012.10.19"]
[PlyCount "63"]

1.e4 c5 2.Nf3 d6 3.d4 cxd4 4.Nxd4 Nf6 5.Nc3 g6 6.Be3 Bg7 7.f3 O-O 8.Qd2 
Nc6 9.Bc4 Bd7 10.Bb3 Rc8 11.O-O-O Ne5 12.Kb1 Nc4 13.Bxc4 Rxc4 14.g4 b5 15.
b3 Rc8 16.Ndxb5 Qa5 17.a4 Nxg4 18.Nd5 Qxd2 19.Bxd2 Bxb5 20.axb5 Nf2 21.
Nxe7+ Kh8 22.Nxc8 Rxc8 23.Be3 Nxh1 24.Rxh1 Rb8 25.c4 a6 26.b6 Bc3 27.Rd1 
Bb4 28.e5 Bc5 29.Bxc5 dxc5 30.Rd6 Kg7 31.b4 cxb4 32.c5 1-0

[Event "16th Unive op"]
[Site "Hoogeveen NED"]
[Date "2012.10.19"]
[Round "1.33"]
[White "Van der Lende, Nathalie"]
[Black "Hovenga, Alje"]
[Result "0-1"]
[WhiteElo "1968"]
[BlackElo "2246"]
[EventDate "2012.10.19"]
[PlyCount "68"]

1.e4 c6 2.d4 d5 3.exd5 cxd5 4.c4 Nf6 5.Nc3 e6 6.Nf3 Bb4 7.cxd5 Nxd5 8.Bd2 
Nc6 9.Bd3 O-O 10.a3 Be7 11.O-O Bf6 12.Qe2 b6 13.Rad1 Bb7 14.Rfe1 Rc8 15.
Qe4 g6 16.Bh6 Nxc3 17.bxc3 Re8 18.Qg4 Bg7 19.Bxg7 Kxg7 20.h4 h5 21.Qg3 Qf6
22.Ng5 Ne7 23.Be4 Nf5 24.Qf4 Bxe4 25.Nxe4 Qe7 26.a4 Red8 27.g3 Rd5 28.Rb1 
Rc4 29.Ra1 Ra5 30.Reb1 e5 31.Qf3 exd4 32.Rd1 Re5 33.Ng5 dxc3 34.Rac1 c2 
0-1

[Event "16th Unive op"]
[Site "Hoogeveen NED"]
[Date "2012.10.19"]
[Round "1.34"]
[White "Vroombout, Enrico"]
[Black "Van Foreest, Lucas"]
[Result "1-0"]
[WhiteElo "2243"]
[BlackElo "1952"]
[EventDate "2012.10.19"]
[PlyCount "53"]

1.e4 c5 2.Nf3 Nc6 3.d4 cxd4 4.Nxd4 e5 5.Nb5 d6 6.N1c3 a6 7.Na3 b5 8.Nd5 
Nf6 9.Bg5 Be7 10.Bxf6 Bxf6 11.c3 Bg5 12.Nc2 O-O 13.a4 bxa4 14.Rxa4 f5 15.
Bc4 Kh8 16.Qe2 fxe4 17.O-O Na5 18.Ba2 Bd7 19.Ra3 Bb5 20.c4 Bd7 21.Ncb4 Nc6
22.Nxc6 Bxc6 23.Bb1 Bxd5 24.cxd5 g6 25.Bxe4 Qb6 26.Rh3 Kg7 27.Rxh7+ 1-0

[Event "16th Unive op"]
[Site "Hoogeveen NED"]
[Date "2012.10.19"]
[Round "1.35"]
[White "Kolodkin, Daniil"]
[Black "Kerigan, Demre"]
[Result "0-1"]
[WhiteElo "1943"]
[BlackElo "2238"]
[EventDate "2012.10.19"]
[PlyCount "46"]

1.e4 d6 2.d4 Nf6 3.Nc3 g6 4.Be3 Bg7 5.Qd2 O-O 6.f3 c6 7.O-O-O Nbd7 8.g4 b5
9.Nce2 Nb6 10.Ng3 Be6 11.Kb1 Nc4 12.Bxc4 bxc4 13.g5 Ne8 14.c3 Rb8 15.h4 
Qa5 16.h5 Nc7 17.N1e2 Nb5 18.Ka1 Rb6 19.Nc1 Rfb8 20.Nge2 Na3 21.d5 Rxb2 
22.Qxb2 Rxb2 23.Kxb2 Qb4+ 0-1